Vua Dực Tông nhà Nguyễn thán phục công đức giữ nước của vua Nhân Tông nhà Trần /

Bewaard in:
Bibliografische gegevens
Hoofdauteur: Cư sĩ Tâm Hằng.
Andere auteurs: Nguyễn Đắc Xuân (Thuật.)
Formaat: Artikel
Taal:Vietnamese
Onderwerpen:
Tags: Voeg label toe
Geen labels, Wees de eerste die dit record labelt!
Thư viện lưu trữ: Thư viện Trường Đại học Đà Lạt
LEADER 00912nam a2200277 4500
001 DLU100113083
005 ##20101109
040 # # |a DLU  |b vie 
041 # # |a vie 
044 # # |a vn 
100 # # |a Cư sĩ Tâm Hằng. 
245 # # |a Vua Dực Tông nhà Nguyễn thán phục công đức giữ nước của vua Nhân Tông nhà Trần /  |c Cư sĩ Tâm Hằng, Nguyễn Đắc Xuân thuật. 
653 # # |a Anh hùng dân tộc 
653 # # |a Thơ chữ Hán 
653 # # |a Truyền thống dân tộc 
700 # # |a Nguyễn Đắc Xuân,   |e Thuật. 
773 # # |t Tạp chí nghiên cứu Phật học  |g Số 6, 2008, tr. 17-19 
920 # # |a Phòng Tạp chí -- Trung tâm Thông tin - Thư viện Trường Đại học Đà Lạt 
994 # # |a DLU 
900 # # |a True 
911 # # |a Nguyễn Thị Linh Chi 
925 # # |a G 
926 # # |a A 
927 # # |a BB 
980 # # |a Thư viện Trường Đại học Đà Lạt